000 00773nam a2200205 i 4500
001 189494
003 ES-MaACL
005 20230906223503.0
007 t|
008 190605s1942 sp r ||||1| spa d
100 0 _aBenito Martínez, José.
_927684
245 1 4 _aLas micosis del pinus insignis en Guipúzcoa /
_cpor José Benito Martínez.
260 _aMadrid :
_bInstituto Forestal de Investigaciones y Experiencias,
_c1942.
300 _a72 p., [13] h. de lám. ;
_c24 cm.
490 1 _aInstituto Forestal de Investigaciones y Experiencias ;
_vAño XIII, nº 23
650 4 _aMicosis en plantas.
_9167267
830 0 _aInstituto Forestal de Investigaciones y Experiencias ;
_vAño XIII, nº 23
_9181435
852 _aES-MaACL
_jP-569-Bis-12
999 _c189494
_d189494